| 000 | 00683nam a2200217Ia 4500 | ||
|---|---|---|---|
| 003 | OSt | ||
| 005 | 20220918173948.0 | ||
| 006 | a|||||r|||| 00| 0 | ||
| 007 | ta | ||
| 008 | 220917b |||||||| |||| 00| 0 eng d | ||
| 024 | _a9,504 | ||
| 037 | _cTextual | ||
| 040 |
_aARTS _cARTS _beng |
||
| 041 |
_2eng _aeng |
||
| 082 | _a2:5513e01091, G3 | ||
| 100 |
_aSmith Elva S. _943538 |
||
| 245 | 0 | _aSubject for children's books in public libraries and in libraries in elementary and junior high schools with an introduction on the cataloguing of children's books | |
| 260 | _c1933 | ||
| 942 |
_h2:5513e01091, G3 _cTEXL _2CC |
||
| 999 |
_c151146 _d151146 |
||